| 000 | 00622nam a2200217Ia 4500 | ||
|---|---|---|---|
| 003 | OSt | ||
| 005 | 20250829124329.0 | ||
| 008 | 220830b |||||||| |||| 00| 0 eng d | ||
| 020 | _a9781847668790 | ||
| 040 | _cIFM Llibrary | ||
| 082 | _a336.207 | ||
| 100 |
_aMiller, Angharad _96939 |
||
| 245 | _aPrinciples of international taxation | ||
| 250 | _a3rd | ||
| 260 |
_aLondon: _bBloomsbury, _c2012 |
||
| 300 | _axxxiv, 649p.: ill.; 23cm | ||
| 500 | _aIncludes Bibliographical References and Index | ||
| 650 |
_aTaxation-Law and legislationDouble taxation _96940 |
||
| 700 |
_aOATS, Lynne _96941 |
||
| 942 |
_cBK _2ddc _n0 |
||
| 999 |
_c12073 _d12073 |
||